| 000 | 01248nam a2200361Ia 4500 | ||
|---|---|---|---|
| 001 | dia_5438 | ||
| 003 | CHAP | ||
| 005 | 20251029101847.0 | ||
| 007 | ta | ||
| 008 | 220117s1989 mx ado fr 001 0 spa d | ||
| 040 |
_cCHAP _amxchpua |
||
| 090 |
_aT.C.74 _bA37 SAI _c1989 |
||
| 245 | 1 | 0 |
_aAgroindustria bovina en Sonora / _ccolaboradores Josúe Argumedo Espinoza...[et al.] |
| 260 |
_aMéxico : _bEl autor, _c1989 |
||
| 300 |
_acerca 50 hojas : _bilustraciones, gráficas, diagramas, tablas, fotos |
||
| 336 |
_2rdacontent _atexto _btxt |
||
| 337 |
_2rdamedia _ano mediado _bn |
||
| 338 |
_2rdacarrier _avolumen _bnc |
||
| 500 | _a6º año | ||
| 502 |
_aViaje de estudios _b(SAI) -- _cUACh. Departamento de Ingeniería Agroindustrial, _d1989 |
||
| 504 | _aIncluye bibliografía | ||
| 650 | 1 | 3 |
_aCarne _xProducción _9158562 _zMéxico _zSonora |
| 650 | 1 | 3 |
_aGanado bovino _9158564 _zMéxico _zSonora |
| 650 | 1 | 3 |
_aCattle _9158563 _zMexico _zSonora |
| 650 | 1 | 3 |
_aMeat _xProduction _9158565 _zMexico _zSonora |
| 700 | 1 |
_aArgumedo Espinoza, Josué _9158610 _ecolaborador |
|
| 901 | _aT.C.74 A37 SAI 1989 | ||
| 902 | _aM | ||
| 905 | _a5332271989 mx din 8222223322spa16 | ||
| 942 | _2local | ||
| 942 | _cVE | ||
| 999 |
_c176338 _d176338 |
||